00748nam a2200241Ia 4500001000900000003000500009005001700014008004100031010001100072020001800083040000900101082002000110100001700130245013600147250001000283260003500293300001500328500007500343503000800418650002000426700002900446700003100475dia_2911CHAP20251027154137.0220117s1989 xx 000 0 und d a173410 a968-422-287-4 cCHAP a621.01 S65 1989 aSmith, J. M. aIntroducción a la termodinámica en Ingeniería Química /c J. M. Smith y H. C. Van Ness ; traducción Ileana Velasco Ayala a4a ed aMexico :b McGraw-Hill,c1989 axii, 718 p aTítulo original: Introduction to chemical engineering thermodynamics aC/e aTermodinámica aVan Ness, J. M., coaut.  aVelasco Ayala, Ileana, tr.